| 000 | 01288nam1a22003371 4500 | ||
|---|---|---|---|
| 001 | v19\rc\1566049 | ||
| 005 | 20251113190221.0 | ||
| 035 | _a(NLR Aleph) 004696460 | ||
| 090 |
_a4006856 _c4006856 |
||
| 100 | _a20061002g18911892|||y0rusy50 ca | ||
| 101 | 0 | _arus | |
| 102 | _aRU | ||
| 105 | _ay j ||||| | ||
| 200 | 1 |
_aУчебник русского уголовного процесса _f[Соч.] В. Случевского, преп. уголов. судопроизводства в Уч-ще правоведения, тов. обер-прокурора Уголов. касс. деп. Сената. [Вып. 1-2] |
|
| 210 |
_aСанкт-Петербург _cтип. М.М. Стасюлевича _d1891-1892 |
||
| 215 |
_a2 т. _d24 |
||
| 320 | _aБиблиогр. в примеч. (в конце вып.) | ||
| 700 | 1 |
_aСлучевский _bВ. К. _f1844-1926 _gВладимир Константинович |
|
| 801 | 0 |
_aRU _bNLR _gpsbo |
|
| 801 | 0 |
_aRU _bRuMoRGB _2psbo |
|
| 801 | 1 |
_aRU _bProSoft-M _2rusmarc |
|
| 852 |
_aNLR _j18.271.5.43 |
||
| 852 |
_aNLR _j127/3460 |
||
| 899 |
_aRuMoRGB _jV 295/21 |
||
| 899 | _aБАН | ||
| 899 | _aНБ СПбГУ | ||
| 899 |
_aГПИБ _z(1) |
||
| 899 |
_aНБ МГУ _z(2) |
||
| 899 |
_aRuMoRGB _jV 295/20 |
||
| 942 | _cBOOK | ||
| 980 | _aNB | ||